| 000 | 00605nam a2200169 a 4500 | ||
|---|---|---|---|
| 001 | 000038689 | ||
| 005 | 20201002031333.0 | ||
| 008 | 130418s1987 ck 000 0 spa d | ||
| 020 | _a0816399123 | ||
| 040 |
_aDO-SdBNP _bspa _cBNPHU |
||
| 245 | 0 | 0 |
_aDe aquí a la eternidad / _ctraducción Fernando Chauij. |
| 246 | 1 | 4 |
_aDe aquí a la eternidad : _btras una crisis milenaria le aguarda a esta tierrra un gloriso futuro |
| 260 |
_aColombia : _bAsociación puublicadora Interamericana, _c1987. |
||
| 300 |
_a449 p. ; _c250 cm. |
||
| 534 |
_aFrom here to forever _lespañol |
||
| 700 | 1 |
_aChauij, Fernando _965005 |
|
| 999 |
_c38179 _d38179 |
||